Statistics for Transformers - All Generation 1 & 2 Autobots

Click here to take the quiz!

General Stats

  • This quiz has been taken 49 times
  • The average score is 184 of 444

Answer Stats

HintAnswer% Correct
Autobot Action Master | Autobot Classic Pretender | Autobot Gobot | +2 othersBumblebee
100%
Autobot Action Master Armoured Convoy | Autobot Commander | Autobot Gobot | +2 othersOptimus Prime
100%
Autobot Action Master | Autobot Car | Autobot Classic PretenderJazz
96%
Autobot Car | Autobot Gobot | Autobot PowermasterIronhide
93%
Autobot Action Master | Autobot Car | Autobot GobotSideswipe
89%
Autobot Action Master Vehicle | Autobot CarWheeljack
89%
Autobot Mini-VehicleCliffjumper
85%
Autobot Action Master | Autobot Classic Pretender | Autobot DinobotGrimlock
85%
Autobot CarRatchet
85%
Autobot CarHound
78%
Autobot Air Guardian | Autobot CyberjetJetfire
78%
Autobot Car | Autobot GobotMirage
78%
Autobot CarRed Alert
78%
Autobot DinobotSludge
78%
Autobot Action Master | Autobot DinobotSnarl
78%
Autobot CarSunstreaker
78%
Autobot DinobotSwoop
78%
Autobot City CommanderUltra Magnus
78%
Autobot Car | Autobot TargetmasterHot Rod
74%
Autobot CityMetroplex
74%
Autobot Action Master Action Blaster | Autobot CarProwl
74%
Autobot AerialbotSilverbolt
74%
Autobot CarSmokescreen
74%
Autobot Aerialbot | Autobot CyberjetAir Raid
70%
Autobot Car | Autobot TargetmasterBlurr
70%
Autobot Mini-VehicleBrawn
70%
Autobot CarHoist
70%
Autobot Action Master | Autobot CarInferno
70%
Autobot Car | Autobot TargetmasterKup
70%
Autobot Action Master Elite | Autobot Defense BaseOmega Supreme
70%
Autobot CarSkids
70%
Autobot DinobotSlag
70%
Autobot AerialbotSlingshot
70%
Autobot Triple-ChangerSpringer
70%
Autobot Aerialbot CombinerSuperion
70%
Autobot Action Master | Autobot CommunicatorBlaster
67%
Autobot Protectobot CombinerDefensor
67%
Autobot CarGrapple
67%
Autobot ScientistPerceptor
67%
Autobot Mini-CassetteRewind
67%
Autobot Mini-VehicleWarpath
67%
Autobot Mini-VehicleWheelie
67%
Autobot Technobot CombinerComputron
63%
Autobot TargetmasterCrosshairs
63%
Autobot ProtectobotFirst Aid
63%
Autobot ThrottlebotGoldbug
63%
Autobot ProtectobotGroove
63%
Autobot ProtectobotHot Spot
63%
Autobot Mini-VehiclePowerglide
63%
Autobot Mini-Autobot | Autobot Mini-VehicleSeaspray
63%
Autobot Mini-CassetteSteeljaw
63%
Autobot ProtectobotStreetwise
63%
Autobot CarTrailbreaker
63%
Autobot ProtectobotBlades
59%
Autobot CarBluestreak
59%
Autobot Mini-VehicleCosmos
59%
Autobot Mini-CassetteEject
59%
Autobot Mini-VehicleHuffer
59%
Autobot Mini-VehiclePipes
59%
Autobot HeroRodimus Prime
59%
Autobot Space ShuttleSky Lynx
59%
Autobot Mini-VehicleSwerve
59%
Autobot JumpstarterTopspin
59%
Autobot Mini-Autobot | Autobot Mini-VehicleBeachcomber
56%
Autobot AerialbotFireflight
56%
Autobot Headmaster BaseFortress Maximus
56%
Autobot Mini-VehicleGears
56%
Autobot TechnobotNosecone
56%
Autobot Double-SpyPunch/Counterpunch
56%
Autobot Triple-ChangerSandstorm
56%
Autobot AerialbotSkydive
56%
Autobot Headmaster Base PartnerSpike
56%
Autobot Cyberjet | Autobot TechnobotStrafe
56%
Autobot Mini-VehicleTailgate
56%
Autobot Action Master | Autobot CarTracks
56%
Autobot Mini-VehicleWindcharger
56%
Autobot HeadmasterBrainstorm
52%
Autobot Triple-ChangerBroadside
52%
Autobot Headmaster Base PartnerCerebros
52%
Autobot HeadmasterChromedome
52%
Autobot TargetmasterPointblank
52%
Autobot Mini-CassetteRamhorn
52%
Autobot Deluxe VehicleRoadbuster
52%
Autobot ThrottlebotRollbar
52%
Autobot JumpstarterTwin Twist
52%
Autobot TechnobotAfterburner
48%
Autobot HeadmasterHardhead
48%
Autobot Motorvator | Autobot TechnobotLightspeed
48%
Autobot Liner Micromaster 6-TeamNight
48%
Autobot Mini-VehicleOutback
48%
Autobot TechnobotScattershot
48%
Autobot HeroWreck-Gar
48%
Autobot ThrottlebotChase
44%
Autobot CloneCloudraker
44%
Autobot Headmaster Base ComponentCog
44%
Autobot SparkabotFizzle
44%
Autobot Headmaster PartnerGort
44%
Autobot HeadmasterHighbrow
44%
Autobot Mini-Autobot | Autobot Mini-VehicleHubcap
44%
Autobot OmnibotOverdrive
44%
Autobot Targetmaster PartnerPinpointer
44%
Autobot Targetmaster PartnerRicochet
44%
Autobot City ComponentScamper
44%
Autobot SparkabotSizzle
44%
Autobot City ComponentSlammer
44%
Autobot Deluxe VehicleWhirl
44%
Autobot ThrottlebotWideload
44%
Autobot OmnibotCamshaft
41%
Autobot CloneFastlane
41%
Autobot ThrottlebotFreeway
41%
Autobot HeadmasterNightbeat
41%
Autobot Targetmaster PartnerPeacemaker
41%
Autobot Targetmaster PartnerRecoil
41%
Autobot ThrottlebotSearchlight
41%
Autobot City ComponentSix-Gun
41%
Autobot Liner Micromaster 6-TeamSpark
41%
Autobot Headmaster PartnerStylor
41%
Autobot Headmaster PartnerArcana
37%
Autobot PretenderCloudburst
37%
Autobot Micromaster Rocket BaseCountdown
37%
Autobot Headmaster PartnerDuros
37%
Autobot Micromaster TransportErector
37%
Autobot Targetmaster PartnerFirebolt
37%
Autobot TrainbotGetsuei
37%
Autobot Headmaster Base PartnerGrand
37%
Autobot Mini-CassetteGrand Slam
37%
Autobot MonsterbotGrotusque
37%
Autobot Targetmaster PartnerHaywire
37%
Autobot HeadmasterHosehead
37%
Autobot TrainbotKaen
37%
Autobot PretenderLandmine
37%
Autobot Rotor ForceLeadfoot
37%
Autobot PretenderLongtooth
37%
Autobot Mini-CassetteNoise
37%
Autobot Action MasterRad
37%
Autobot Trainbot CombinerRaiden
37%
Autobot Mini-CassetteRaindance
37%
Autobot TargetmasterScoop
37%
Autobot TrainbotShouki
37%
Autobot HeadmasterSiren
37%
Autobot Mini-Cassette CombinedSlamdance
37%
Autobot Targetmaster PartnerSpoilsport
37%
Autobot MultiforceWaver
37%
Autobot PretenderWaverider
37%
Autobot TrainbotYukikaze
37%
Autobot TriggerbotBackstreet
33%
Autobot Hot Rod Micromaster PatrolBig Daddy
33%
Autobot BrainmasterBlacker
33%
Autobot Pretender BeastCatilla
33%
Autobot Pretender BeastChainclaw
33%
Autobot KronoformDeceptor
33%
Autobot AquaspeederDeluge
33%
Autobot Mini-CassetteDile
33%
Autobot MonsterbotDoublecross
33%
Autobot OmnibotDownshift
33%
Autobot Colour ChangerDrench
33%
Autobot Rescue Micromaster PatrolFixit
33%
Autobot Battle Micromaster PatrolFlak
33%
Autobot Headmaster BaseGrand Maximus
33%
Autobot Mini-CassetteGraphy
33%
Autobot Hot Rod Micromaster PatrolGreaser
33%
Autobot SparkabotGuzzle
33%
Autobot Micromaster StationHot House
33%
Autobot Hot Rod Micromaster PatrolHubs
33%
Autobot Action MasterJackpot
33%
Autobot PowermasterJoyride
33%
Autobot Powermaster PartnerLube
33%
Autobot Headmaster PartnerLug
33%
Autobot Action MasterMainframe
33%
Autobot Micromaster TransportOverload
33%
Autobot Action Master Action BlasterOver-Run
33%
Autobot TargetmasterQuickmix
33%
Autobot MonsterbotRepugnus
33%
Autobot Headmaster WarriorShuffler
33%
Autobot PowermasterSlapdash
33%
Autobot Metro Micromaster SquadSlide
33%
Autobot Rescue Micromaster PatrolStakeout
33%
Autobot BrainmasterStar Saber
33%
Autobot Metro Micromaster SquadStrikedown
33%
Autobot TrainbotSuiken
33%
Autobot Battle Micromaster PatrolSunrunner
33%
Autobot Hero | Autobot TargetmasterSureshot
33%
Autobot Missile Launcher
Micromaster Combiner Transport
Surge
33%
Autobot Race Car Micromaster PatrolTailspin
33%
Autobot Construction Micromaster PatrolTakedown
33%
Autobot TurbomasterThunder Clash
33%
Autobot Off Road Micromaster PatrolTote
33%
Autobot Mega PretenderVroom
33%
Autobot MultiforceWing
33%
Autobot Mini-CassetteZaur
33%
Autobot PowerdasherAragon
30%
Autobot TargetmasterArtfire
30%
Autobot KronoformAutoceptor
30%
Autobot Astro Micromaster SquadBarrage
30%
Autobot Monster Truck Micromaster PatrolBig Hauler
30%
Autobot Battle Micromaster PatrolBig Shot
30%
Autobot Astro Micromaster SquadBlast Master
30%
Autobot SparkabotBlaze
30%
Autobot Air Micromaster PatrolBlaze Master
30%
Autobot Targetmaster PartnerBoomer
30%
Autobot TurbomasterBoss
30%
Autobot PowerdasherCromar
30%
Autobot Mega PretenderCrossblades
30%
Autobot Construction Micromaster PatrolCrumble
30%
Autobot MultiforceDash
30%
Autobot Mini-Cassette CombinedDecibel
30%
Autobot TriggerbotDogfight
30%
Autobot PretenderDoubleheader
30%
Autobot Air Micromaster PatrolEagle Eye
30%
Autobot TurbomasterFlash
30%
Autobot Targetmaster PartnerFlintlock
30%
Autobot Race Car Micromaster PatrolFree Wheeler
30%
Autobot Micromaster Combiner
Battlefield Headquarters
Full-Barrel
30%
Autobot Space TransportGalaxy Shuttle
30%
Autobot PowermasterGetaway
30%
Autobot Colour ChangerGobots
30%
Autobot Godmaster WarriorGodbomber
30%
Autobot Zone WarriorGrandus
30%
Autobot Six Changer WarriorGreatshot
30%
Autobot PretenderGroundbreaker
30%
Autobot Construction Micromaster PatrolGroundpounder
30%
Autobot Micromaster BaseGroundshaker
30%
Autobot Pretender VehicleGunrunner
30%
Autobot Tanker Truck
Micromaster Combiner Transport
Gusher
30%
Autobot Astro Micromaster SquadHeave
30%
Autobot Monster Truck Micromaster PatrolHeavy Tread
30%
Autobot Off Road Micromaster PatrolHighjump
30%
Autobot Powermaster PartnerHi-Q
30%
Autobot Targetmaster PartnerHolepunch
30%
Autobot Powermaster PartnerHotwire
30%
Autobot TurbomasterHurricane
30%
Autobot Monster Truck Micromaster PatrolHydraulic
30%
Autobot LightformerIronfist
30%
Autobot Micromaster StationIronworks
30%
Autobot KronoformKaltor
30%
Autobot Action MasterKick-Off
30%
Autobot Multiforce CombinerLandcross
30%
Autobot TargetmasterLandfill
30%
Autobot BrainmasterLaster
30%
Autobot Mini-Cassette CombinedLegout
30%
Autobot Headmaster WarriorLione
30%
Autobot Headmaster WarriorLoafer
30%
Autobot MultiforceMach
30%
Autobot PretenderMetalhawk
30%
Autobot Headmaster JuniorMinerva
30%
Autobot Astro Micromaster SquadMissile Master
30%
Autobot Astro Micromaster SquadMoonrock
30%
Autobot Off Road Micromaster PatrolMudslinger
30%
Autobot Headmaster PartnerMuzzle
30%
Autobot Targetmaster PartnerNebulon
30%
Autobot Construction Micromaster PatrolNeutro
30%
Autobot Targetmaster PartnerNightstick
30%
Autobot Metro Micromaster SquadOiler
30%
Autobot Micromaster Combiner
Battlefield Headquarters
Overflow
30%
Autobot TriggerbotOverride
30%
Autobot Astro Micromaster SquadPhaser
30%
Autobot PretenderPincher
30%
Autobot Tanker Truck
Micromaster Combiner Transport
Pipeline
30%
Autobot Action MasterPowerflash
30%
Autobot Metro Micromaster SquadPower Run
30%
Autobot Off Road Micromaster PatrolPowertrain
30%
Autobot ObliteratorPyro
30%
Autobot Six ChangerQuickswitch
30%
Autobot Headmaster PartnerQuig
30%
Autobot Rescue Micromaster PatrolRed Hot
30%
Autobot Missile Launcher
Micromaster Combiner Transport
Retro
30%
Autobot Powermaster PartnerRev
30%
Autobot Metro Micromaster SquadRoadburner
30%
Autobot Brainmaster CombinerRoad Caesar
30%
Autobot Race Car Micromaster PatrolRoadhandler
30%
Autobot Headmaster WarriorRodney
30%
Autobot Action MasterRollout
30%
Autobot TurbomasterRotorstorm
30%
Autobot Action Master Exo-SuitRumbler
30%
Autobot Train 6-TeamSan D-Go
30%
Autobot TurbomasterScorch
30%
Autobot Rescue Micromaster PatrolSeawatch
30%
Autobot Battle Micromaster PatrolSidetrack
30%
Autobot Targetmaster PartnerSilencer
30%
Autobot Action MasterSkyfall
30%
Autobot Ultra PretenderSkyhammer
30%
Autobot Air Micromaster Patrol | Autobot PretenderSky High
30%
Autobot Monster Truck Micromaster PatrolSlow Poke
30%
Autobot PretenderSplashdown
30%
Autobot Action Master VehicleSprocket
30%
Autobot TargetmasterStepper
30%
Autobot Race Car Micromaster PatrolSwindler
30%
Autobot MultiforceTacker
30%
Autobot MultiforceTackle
30%
Autobot Headmaster WarriorToraizer
30%
Autobot Targetmaster PartnerTracer
30%
Autobot Air Micromaster PatrolTread Bolt
30%
Autobot Hot Rod Micromaster PatrolTrip-Up
30%
Autobot CassettbotTwincast
30%
Autobot BrainmasterVictory Leo
30%
Autobot Brainmaster GiftsetVictory Saber
30%
Autobot Metro Micromaster SquadWheel Blaze
30%
Autobot Action Master EliteWindmill
30%
Autobot PowerdasherZetar
30%
Autobot Liner Micromaster 6-TeamAlan
26%
Autobot GobotBlowout
26%
Autobot Powered MasterDai Atlas
26%
Autobot Multiforce WarriorDashtacker
26%
Autobot Train 6-TeamDesire
26%
Autobot Liner Micromaster 6-TeamD-Go
26%
Autobot Laser RodElectro
26%
Autobot MotorvatorFlame
26%
Autobot Headmaster JuniorGo Shooter
26%
Autobot Construction 6-TeamIron Lift
26%
Autobot AquaspeederJetstorm
26%
Autobot Headmaster WarriorKirk
26%
Autobot Liner Micromaster 6-TeamLeaf
26%
Autobot Multiforce WarriorMachtackle
26%
Autobot Rotor ForceManta Ray
26%
Autobot Powered MasterRoadfire
26%
Autobot Laser CycleRoad Rocket
26%
Autobot TrainbotSeizan
26%
Autobot Liner Micromaster 6-Team CombinerSixliner
26%
Autobot Zone WarriorSky Garry
26%
Autobot Powered Master PartnerSonic
26%
Autobot Powered MasterSonic Bomber
26%
Autobot Zone WarriorStar Convoy
26%
Autobot Laser RodVolt
26%
Autobot Multiforce WarriorWingwaver
26%
Autobot Masterforce WarriorAquastar
22%
Autobot BrainmasterBraver
22%
Autobot Action Master Exo-Suit | Autobot Racing 6-TeamCircuit
22%
Autobot LightformerDeftwing
22%
Autobot GobotGearhead
22%
Autobot GodmasterGod Ginrai
22%
Autobot Construction 6-TeamGran Arm
22%
Autobot MotorvatorGripper
22%
Autobot Zone Warrior PartnerHot Rodimus
22%
Autobot Liner Micromaster 6-TeamJoe
22%
Autobot OVA MicromasterRabbicrater
22%
Autobot Zone Warrior PartnerShotbomber
22%
Autobot Train 6-Team CombinerSixtrain
22%
Autobot Jet 6-Team CombinerSixwing
22%
Autobot Zone Warrior PartnerSpinner
22%
Autobot GodmasterSuper Ginrai
22%
Autobot Masterforce WarriorZetca
22%
Autobot Train 6-TeamConverter
19%
Autobot Construction 6-TeamCrush-Bull
19%
Autobot Construction 6-TeamDigger
19%
Autobot GobotDouble Clutch
19%
Autobot Guard TeamFire Chief
19%
Autobot GobotFirecracker
19%
Autobot Guard Team CombinerGuard City
19%
Autobot RotorbotHot Foot
19%
Autobot PowermasterMeanstreak
19%
Autobot Construction 6-TeamMixing
19%
Autobot GobotMotormouth
19%
Autobot RotorbotPiranha
19%
Autobot Train 6-TeamRaise
19%
Autobot Racing 6-TeamRoad Police
19%
Autobot Guard TeamSafety
19%
Autobot Construction 6-Team CombinerSixbuilder
19%
Autobot Guard TeamStreetstar
19%
Autobot Construction 6-TeamTreader
19%
Autobot Train 6-TeamWindy
19%
Autobot AquaspeederAquafend
15%
Autobot Jet 6-TeamFalcon
15%
Autobot Guard TeamFly-Up
15%
Autobot Jet 6-TeamMissile Run
15%
Autobot Racing 6-TeamNeo-Wheel
15%
Autobot Axelerator | Autobot Small CarRapido
15%
Autobot Racing 6-TeamSireen
15%
Autobot Axelerator | Autobot Small CarSkram
15%
Autobot Guard TeamSparkride
15%
Autobot Jet 6-TeamSupersonic
15%
Autobot Masterforce WarriorVollet
15%
Autobot Small CarWindbreaker
15%
Autobot AxeleratorZap
15%
Autobot Train 6-TeamAtlan
11%
Autobot Powered Master GiftsetBig Powered
11%
Autobot Racing 6-TeamDischarge
11%
Autobot GodmasterDoubleclouder
11%
Autobot Powered Master PartnerDrillbuster
11%
Autobot SparkdashHardspark
11%
Autobot GobotHigh Beam
11%
Autobot AxeleratorHotrider
11%
Autobot SparkdashHotspark
11%
Autobot Jet 6-TeamRaker
11%
Autobot Six Changer WarriorSixknight
11%
Autobot Racing 6-Team CombinerSixturbo
11%
Autobot AquaspeederSpeedstream
11%
Autobot Small CarTurbofire
11%
Autobot SparkdashWildspark
11%
Autobot Jet 6-TeamFlanker
7%
Autobot Powered Master PartnerSpeeder
7%
Autobot Jet 6-TeamChain Gun
4%
Autobot Racing 6-TeamGlide
4%

Score Distribution

Percentile by Number Answered

Percent of People with Each Score

Your Score History

You have not taken this quiz